000 00643cam a22002173a 4500
001 35236
003 PGUSA
005 20140828083747.0
008 110210s2011||||xxu|||||s|||||000 | eng d
040 _aPGUSA
_beng
042 _adc
050 4 _aAE
245 1 0 _aEncyclopaedia Britannica, 11th Edition, Volume 9, Slice 5 :
_bEnglish History
_h[electronic resource] /
_cVarious
260 _bProject Gutenberg,
_c2011
506 _aPublic domain in the USA.
516 _aElectronic text
653 _aEncyclopedias and dictionaries
830 0 _aProject Gutenberg
_v35236
856 4 0 _uhttp://www.gutenberg.org/ebooks/35236
942 _cEB
999 _c264491
_d264491